000 00813cam a22002413a 4500
001 21112
003 PGUSA
005 20140828083441.0
008 070416s2007||||xxu|||||s|||||000 | eng d
040 _aPGUSA
_beng
042 _adc
050 4 _aBS
100 1 _aBurgon, John William,
_d1813-1888
245 1 4 _aThe Causes of the Corruption of the Traditional Text of the Holy Gospels :
_bBeing the Sequel to The Traditional Text of the Holy Gospels
_h[electronic resource] /
_cJohn William Burgon
260 _bProject Gutenberg,
_c2007
506 _aPublic domain in the USA.
516 _aElectronic text
653 _aBible. Gospels -- Criticism, Textual
700 1 _aMiller, Edward,
_d1825-1901
830 0 _aProject Gutenberg
_v21112
856 4 0 _uhttp://www.gutenberg.org/ebooks/21112
942 _cEB
999 _c250367
_d250367